| 000 | 00877nam a22002177a 4500 | ||
|---|---|---|---|
| 999 |
_c15996 _d15996 |
||
| 003 | AR-CdUCM | ||
| 008 | 190430b ||||| |||| 00| 0 spa d | ||
| 040 |
_aMUNICIPALIDAD PROVINCIAL DEL CUSCO _cBIBLIOTECA MUNICIPAL DEL CUSCO |
||
| 082 |
_a335.40 / _bC70 |
||
| 100 |
_aGarcía Gallo, Gaspar Jorge _935257 |
||
| 245 | _aLa concepción marxista sobre la escuela y la educación / | ||
| 260 |
_aMéxico : _bGrijalbo, _c1974. |
||
| 300 |
_a166 páginas , _c19 cm. |
||
| 440 |
_aColección 70 _92202 |
||
| 505 | _aContenido : Estado general de las teorías educativas en la época den que vivieron Carlos Marx y Federico Engels -- Desarrollo de las ideas sobre la educación en las obras de Marx y Engels ... | ||
| 650 |
_aCarlos Marx _95700 |
||
| 650 |
_aFederico Engels _95701 |
||
| 650 |
_aPensamiento filosófico _916089 |
||
| 942 |
_2ddc _cLIBROS |
||
| 945 |
_arah _d30/04/2019 |
||